000 00314nam a2200133Ia 4500
005 20251222141840.0
008 251222s9999||||xx |||||||||||||| ||spa||
020 _a84-7057-472-8
082 _a220.7/D96/Ej.2
100 _aDulaey, Martine
245 0 _aBosques de Símbolos:
264 _bCristiandad
942 _cLIB
999 _c7398
_d7398